000 01455nam a2200361 i 4500
003 DO-SdBNP
005 20260417203557.0
007 ta
008 110413s2000 dr 001 0 spa d
020 _a0313311277
040 _aDO-SdBNP
_bspa
_cBNPHU
_erda
082 _a327.7307293
_bH174s
_222
100 1 _aHall, Michael
_912719
_d1960-
245 1 0 _aSugar and power in the Dominican Republic :
_b Eisenhower, Kennedy, and the Trujillos /
_cMichael R. Hall
264 1 _aWestport, Conn, Connecticut, Estado Unidos:
_bGreenwood Press,
_c2000.
300 _axii, 163 páginas
_c24 cm.
336 _2rdacontent
_atexto
_btxt
337 _2rdamedia
_asin mediación
_bn
338 _2rdacarrier
_avolumen
_bnc
500 _aIncluye índice.
500 _aIncluye breve información del autor en la última página.
504 _aBibliografía p: 145-157
590 _aInventariado, 2023/ YL
650 0 _aSanciones económicas
_983963
650 4 _aSanciones económicas
_vCasos de estudio
_zAmérica Latina
_983964
650 4 _aComercio de azúcar
_xHistoria
_ySiglo XX.
_zRepública Dominicana
_983965
650 4 _aArancel sobre el azúcar
_zEstados Unidos.
_983966
650 4 _aDemocratización
_zRepública Dominicana.
_983967
651 4 _aEstados Unidos
_xRelaciones exteriores
_zRepública Dominicana
_96309
651 4 _aRepública Dominicana
_xRelaciones exteriores
_zEstados Unidos
_96308
910 _aYLockward
942 _2ddc
_cLBS1
999 _c54435
_d54435